[Event "European Individual Chess Championship 2017"]
[Site "?"]
[Date "2017.06.05"]
[Round "6.23"]
[White "Artemiev, Vladislav"]
[Black "Can, Emre"]
[Result "1-0"]
[BlackElo "2589"]
[WhiteElo "2682"]
[LiveChessVersion "1.4.8"]

1. e4 {[%clk 1:30:40]} c5 {[%clk 1:30:27]} 2. Nf3 {[%clk 1:30:57]} d6
{[%clk 1:30:23]} 3. Bb5+ {[%clk 1:31:08]} Nd7 {[%clk 1:30:12]} 4. d4
{[%clk 1:30:35]} cxd4 {[%clk 1:29:48]} 5. Qxd4 {[%clk 1:30:43]} Ngf6
{[%clk 1:29:09]} 6. O-O {[%clk 1:26:36]} a6 {[%clk 1:28:05]} 7. Be2
{[%clk 1:26:44]} g6 {[%clk 1:23:24]} 8. Nc3 {[%clk 1:25:11]} Bg7 {[%clk 1:23:27]}
9. Rd1 {[%clk 1:25:25]} O-O {[%clk 1:20:23]} 10. e5 {[%clk 1:24:59]} dxe5
{[%clk 1:16:37]} 11. Nxe5 {[%clk 1:24:22]} Qc7 {[%clk 1:00:51]} 12. Bf4
{[%clk 1:21:52]} Nh5 {[%clk 0:56:34]} 13. Bxh5 {[%clk 1:19:09]} Bxe5
{[%clk 0:55:36]} 14. Nd5 {[%clk 1:13:44]} Qd6 {[%clk 0:54:17]} 15. Bxe5
{[%clk 1:11:33]} Nxe5 {[%clk 0:52:42]} 16. Qe3 {[%clk 0:55:56]} Rb8
{[%clk 0:47:01]} 17. f4 {[%clk 0:46:19]} Nc6 {[%clk 0:45:15]} 18. Bf3
{[%clk 0:46:42]} h5 {[%clk 0:27:06]} 19. Rd2 {[%clk 0:39:08]} Bg4
{[%clk 0:25:41]} 20. Nb6 {[%clk 0:25:32]} Qe6 {[%clk 0:24:49]} 21. Qxe6
{[%clk 0:25:55]} Bxe6 {[%clk 0:25:13]} 22. Rad1 {[%clk 0:24:20]} Rfd8
{[%clk 0:17:11]} 23. Kf2 {[%clk 0:22:20]} Rxd2+ {[%clk 0:16:35]} 24. Rxd2
{[%clk 0:22:46]} Kf8 {[%clk 0:16:52]} 25. Rd7 {[%clk 0:13:50]} Na5
{[%clk 0:06:25]} 26. b3 {[%clk 0:07:15]} Rc8 {[%clk 0:06:23]} 27. Nxc8
{[%clk 0:06:09]} Bxd7 {[%clk 0:06:47]} 28. Nb6 {[%clk 0:06:36]} Bf5
{[%clk 0:05:50]} 29. c4 {[%clk 0:01:50]} f6 {[%clk 0:05:22]} 30. b4
{[%clk 0:01:09]} Nc6 {[%clk 0:05:40]} 31. b5 {[%clk 0:01:27]} axb5
{[%clk 0:04:44]} 32. cxb5 {[%clk 0:01:52]} Nd4 {[%clk 0:04:54]} 33. Bxb7
{[%clk 0:00:44]} Nxb5 {[%clk 0:05:16]} 34. a4 {[%clk 0:01:10]} Na7
{[%clk 0:04:01]} 35. Ke3 {[%clk 0:01:01]} Ke8 {[%clk 0:04:01]} 36. Kd4
{[%clk 0:01:17]} Kd8 {[%clk 0:04:07]} 37. Kc5 {[%clk 0:01:19]} Kc7
{[%clk 0:04:06]} 38. Bf3 {[%clk 0:00:58]} h4 {[%clk 0:03:38]} 39. a5
{[%clk 0:00:47]} e6 {[%clk 0:03:16]} 40. Nc4 {[%clk 0:30:38]} Nc8
{[%clk 0:31:40]} 41. Nb6 {[%clk 0:25:31]} Na7 {[%clk 0:31:24]} 42. a6
{[%clk 0:21:09]} Bd3 {[%clk 0:30:10]} 43. Bb7 {[%clk 0:20:54]} Bf1
{[%clk 0:26:45]} 44. h3 {[%clk 0:12:15]} Nb5 {[%clk 0:16:52]} 45. Nc8
{[%clk 0:07:17]} g5 {[%clk 0:15:37]} 46. fxg5 {[%clk 0:03:45]} fxg5
{[%clk 0:15:59]} 47. Nb6 {[%clk 0:03:57]} Nd6 {[%clk 0:09:09]} 48. Bc6
{[%clk 0:01:40]} Bxa6 {[%clk 0:07:30]} 49. Na8+ {[%clk 0:02:04]} Kb8
{[%clk 0:07:19]} 50. Kxd6 {[%clk 0:02:21]} 1-0